| 000 | 00833nam a2200253 i 4500 | ||
|---|---|---|---|
| 003 | OSt | ||
| 005 | 20231017180032.0 | ||
| 008 | 231017t19621962nyuabofgre 000 0 eng d | ||
| 020 |
_c0.00 _qhardback |
||
| 040 |
_aPPAK _beng _cPPAK _erda |
||
| 082 | 0 | 4 |
_a031 _223 |
| 090 | 0 | 0 |
_a031 _bBOO _dR |
| 245 | 0 | 4 |
_aTHE BOOK OF KNOWLEDGE : _bThe Children's Encyclopedia. _nVolume 1 |
| 246 | 3 | 3 |
_aVolume 1 of The Book of knowledge : _bthe children's encyclopedia |
| 264 | 1 |
_aNew York, _bGrolier ; _c1962 |
|
| 264 | 4 | _c©1962 | |
| 300 |
_a384 pages : _billustrations, maps, photographs, plates ; _c25 cm |
||
| 336 |
_atext _2rdacontent |
||
| 336 |
_astill image _2rdacontent |
||
| 337 |
_aunmediated _2rdamedia |
||
| 338 |
_avolume _2rdacarrier |
||
| 650 | 1 | 0 | _aChildren's encyclopedias and dictionaries. |
| 942 |
_2ddc _cB |
||
| 999 |
_c193369 _d193369 |
||